Have these teams ever played against each other in the UCL? - Statistics

General Stats
  • This quiz has been taken 11 times
  • The average score is 11 of 15
Answer Stats
Question Answer % Correct
Everton VS Chelsea False
100%
Man United VS Juventus True
100%
Real Madrid VS Atletico Madrid True
90%
Girona VS Ajax False
80%
Athletic Club VS Atletico Madrid False
80%
Atletico Madrid VS Barcelona True
80%
AC Milan VS PSG True
80%
Real Madrid VS Barcelona True
80%
Man United VS Man City False
70%
Atlanta VS Aston Villa False
70%
Arsenal VS Ajax True
70%
Atletico Madrid VS Inter Milan True
70%
Inter Milan VS AC Milan True
60%
Benfica VS Valencia False
30%
Barcelona VS Wolves True
30%
No matching quizzes found
Score Distribution
Percent of People with Each Score
Percentile by Number Answered
Your Score History
You have not taken this quiz